000 00631nem a2200265 4500
001 258884
005 20180307080512.0
007 ad canzn
008 930217s1992 ilu e eng
010 _a 91067342
020 _a0716626934
034 0 _aa
040 _aDLC
_cDLC
_dDLC
041 _aeng
080 _a912 mic
082 0 0 _a912 mic
_220
100 _a42
101 _ageo
245 1 4 _aThe World Book atlas.
255 _aScales differ.
504 _aIncludes bibliographical references (p. 302-303).
906 _a7
_bcbu
_corignew
_d2
_eopcn
_f19
_gy-geogmaps
942 _2ddc
_cBK
999 _c44319
_d44319